[Event "Sachsen-Anhalt Verbandsliga 1920"]
[Site "Sachsen Anhalt"]
[Date "2019.11.17"]
[Round "3.3"]
[White "Gering, Samuel"]
[Black "Bader, Philipp"]
[Result "1/2-1/2"]
[WhiteElo "2049"]
[BlackElo "1984"]
[PlyCount "74"]
[EventDate "2019.09.29"]
[EventType "team-tourn"]
[EventRounds "9"]
[EventCountry "GER"]
[SourceTitle "EXT 2023"]
[Source "ChessBase"]
[SourceDate "2022.10.05"]
[SourceVersion "1"]
[SourceVersionDate "2022.10.05"]
[SourceQuality "1"]
[WhiteTeam "Naumburg"]
[BlackTeam "Coethen Germania"]
[WhiteTeamCountry "GER"]
[BlackTeamCountry "GER"]

1. d4 Nf6 2. c4 e6 3. Nf3 d5 4. Nc3 Be7 5. Bg5 0-0 6. e3 a6 7. Bd3 dxc4 8. Bxc4 b5 9. Bd3 Nbd7 10. 0-0 c5 11. Rc1 cxd4 12. exd4 Bb7 13. Ne5 Rc8 14. Qe2 Nxe5 15. dxe5 Nd5 16. Qe4 g6 17. Bh6 Re8 18. Nxd5 Bxd5 19. Rxc8 Qxc8 20. Qf4 Qb7 21. f3 Bxa2 22. h4 Rd8 23. Be4 Bd5 24. h5 Bxe4 25. fxe4 Bf8 26. hxg6 hxg6 27. Bxf8 Rxf8 28. Rf3 Qe7 29. Rh3 Rc8 30. Kh2 Qf8 31. Qf6 Qg7 32. Qg5 Rf8 33. Rf3 Rc8 34. Rd3 Kh7 35. Rh3+ Kg8 36. Rd3 Kh7 37. Rh3+ Kg8 1/2-1/2

[Event "Sachsen-Anhalt Verbandsliga 1920"]
[Site "Sachsen Anhalt"]
[Date "2019.09.29"]
[Round "1.3"]
[White "Matthey, Harald"]
[Black "Gering, Samuel"]
[Result "1-0"]
[WhiteElo "1995"]
[BlackElo "2049"]
[PlyCount "89"]
[EventDate "2019.09.29"]
[EventType "team-tourn"]
[EventRounds "9"]
[EventCountry "GER"]
[SourceTitle "EXT 2023"]
[Source "ChessBase"]
[SourceDate "2022.10.05"]
[SourceVersion "1"]
[SourceVersionDate "2022.10.05"]
[SourceQuality "1"]
[WhiteTeam "Dessau"]
[BlackTeam "Naumburg"]
[WhiteTeamCountry "GER"]
[BlackTeamCountry "GER"]

1. d4 g6 2. Nf3 Bg7 3. g3 d6 4. Bg2 Nd7 5. 0-0 c5 6. c3 Ngf6 7. Re1 0-0 8. a4 Rb8 9. e4 b6 10. Bf4 Nh5 11. Bg5 h6 12. Bc1 a6 13. Qe2 Bb7 14. e5 dxe5 15. dxe5 Bxf3 16. Bxf3 Nxe5 17. Bxh5 gxh5 18. Rd1 Qc8 19. Qxh5 Qc6 20. Bf4 Rbd8 21. Bxe5 Rxd1+ 22. Qxd1 Bxe5 23. Na3 Bg7 24. Nc4 b5 25. axb5 axb5 26. Ne3 e6 27. Qd2 Qb6 28. Rd1 b4 29. Ng4 bxc3 30. bxc3 h5 31. Ne3 Qb3 32. Rc1 Qb8 33. Ng2 Qe5 34. h4 Bf6 35. Qf4 Rd8 36. Qf3 Bg7 37. Kh2 Rd2 38. Rb1 Qf5 39. Rb8+ Kh7 40. Nf4 e5 41. Qe3 Qc2 42. Nh3 c4 43. Ng5+ Kg6 44. Ne4 Bh6 45. Rg8+ 1-0

[Event "Oberliga Ost-B 1819"]
[Site "Germany"]
[Date "2019.02.03"]
[Round "7.3"]
[White "Gering, Samuel"]
[Black "Di Capua, Francesco Stefano"]
[Result "1/2-1/2"]
[WhiteElo "2089"]
[BlackElo "1902"]
[PlyCount "97"]
[EventDate "2018.10.21"]
[EventType "team-tourn"]
[EventRounds "11"]
[EventCountry "GER"]
[SourceTitle "EXT 2020"]
[Source "ChessBase"]
[SourceDate "2019.10.17"]
[SourceVersion "1"]
[SourceVersionDate "2019.10.17"]
[SourceQuality "1"]
[WhiteTeam "Naumburg"]
[BlackTeam "Gernsheim"]
[WhiteTeamCountry "GER"]
[BlackTeamCountry "GER"]

1. g3 Nf6 2. Bg2 d5 3. d3 c6 4. Nd2 Bf5 5. e4 dxe4 6. Nxe4 Nxe4 7. dxe4 Qxd1+ 8. Kxd1 Bg6 9. Be3 Na6 10. c3 e5 11. f3 0-0-0+ 12. Kc2 Kc7 13. Nh3 Bc5 14. Bxc5 Nxc5 15. Rad1 f5 16. Nf2 fxe4 17. Nxe4 Rdf8 18. Rhf1 Rf7 19. Kc1 Nxe4 20. fxe4 Rhf8 21. Rxf7+ Rxf7 22. Rd2 Kb6 23. Kc2 a5 24. b3 Kc5 25. Kd3 Rd7+ 26. Ke3 Rxd2 27. Kxd2 b5 28. Bf3 b4 29. Kd3 Bf7 30. c4 a4 31. Be2 a3 32. Ke3 h5 33. h4 g6 34. Bf1 Be6 35. Be2 Bd7 36. Kd3 Bc8 37. Ke3 Be6 38. Bd3 Bg4 39. Be2 Kd6 40. Kd2 Kc5 41. Ke3 Be6 42. Bd3 Bh3 43. Be2 Kb6 44. Kd2 Be6 45. Kd3 Kc5 46. Ke3 Bg8 47. Bd3 Be6 48. Be2 Bh3 49. Kd3 1/2-1/2

[Event "Oberliga Ost-A 1718"]
[Site "Germany"]
[Date "2018.04.15"]
[Round "11.3"]
[White "Weitzer, Steffen"]
[Black "Gering, Samuel"]
[Result "1-0"]
[WhiteElo "2236"]
[BlackElo "2087"]
[PlyCount "35"]
[EventDate "2017.10.22"]
[EventType "team-tourn"]
[EventRounds "11"]
[EventCountry "GER"]
[SourceTitle "EXT 2019"]
[Source "ChessBase"]
[SourceDate "2018.10.10"]
[SourceVersion "1"]
[SourceVersionDate "2018.10.10"]
[SourceQuality "1"]
[WhiteTeam "Leipzig SG II"]
[BlackTeam "Naumburg"]
[WhiteTeamCountry "GER"]
[BlackTeamCountry "GER"]

1. e4 g6 2. h4 h5 3. d4 Bg7 4. Nc3 d6 5. Be3 a6 6. Qd2 Nd7 7. 0-0-0 b5 8. Nh3 Bb7 9. Ng5 c5 10. dxc5 b4 11. Na4 Qa5 12. Bc4 Ne5 13. Bb3 Nh6 14. cxd6 0-0 15. dxe7 Rfe8 16. Nb6 Rab8 17. Qd6 Nhg4 18. Qxb8 1-0

[Event "Oberliga Ost-A 1718"]
[Site "Germany"]
[Date "2018.02.04"]
[Round "7.3"]
[White "Gering, Samuel"]
[Black "Schubert, Ralf"]
[Result "1-0"]
[WhiteElo "2087"]
[BlackElo "2148"]
[PlyCount "105"]
[EventDate "2017.10.22"]
[EventType "team-tourn"]
[EventRounds "11"]
[EventCountry "GER"]
[SourceTitle "EXT 2019"]
[Source "ChessBase"]
[SourceDate "2018.10.10"]
[SourceVersion "1"]
[SourceVersionDate "2018.10.10"]
[SourceQuality "1"]
[WhiteTeam "Naumburg"]
[BlackTeam "Dessau"]
[WhiteTeamCountry "GER"]
[BlackTeamCountry "GER"]

1. d4 Nf6 2. c4 g6 3. Nc3 Bg7 4. e4 d6 5. h3 0-0 6. Be3 Na6 7. Nf3 c5 8. Be2 cxd4 9. Nxd4 Nc5 10. Qc2 Bd7 11. 0-0 a6 12. Rac1 e5 13. Nb3 Ne6 14. Rfd1 Qe7 15. Qd2 Bc6 16. f3 Rfd8 17. Nd5 Qf8 18. Qb4 Nh5 19. Nb6 Rab8 20. c5 dxc5 21. Nxc5 Nd4 22. Bxd4 exd4 23. Nxa6 bxa6 24. Qxf8+ Kxf8 25. Rxc6 d3 26. Rxd3 Rxd3 27. Bxd3 Bd4+ 28. Kf1 Rxb6 29. Rxb6 Bxb6 30. Bxa6 Ke7 31. Ke1 Bd4 32. b3 Nf4 33. Bf1 g5 34. Kd2 Kd6 35. b4 f6 36. a4 Ne6 37. Kd3 Kc6 38. Kc4 Bf2 39. Bd3 h5 40. a5 Nc7 41. e5 fxe5 42. Be4+ Kd7 43. b5 Ne6 44. Bf5 Kd6 45. Bxe6 Kxe6 46. b6 g4 47. Kb5 gxh3 48. gxh3 Kd7 49. a6 Kc8 50. Kc6 Kb8 51. a7+ Ka8 52. Kc7 Bxb6+ 53. Kxb6 1-0

[Event "Oberliga Ost-A 1718"]
[Site "Germany"]
[Date "2017.12.10"]
[Round "4.3"]
[White "Mueller, Richard"]
[Black "Gering, Samuel"]
[Result "1-0"]
[WhiteElo "2161"]
[BlackElo "2087"]
[PlyCount "49"]
[EventDate "2017.10.22"]
[EventType "team-tourn"]
[EventRounds "11"]
[EventCountry "GER"]
[SourceTitle "EXT 2019"]
[Source "ChessBase"]
[SourceDate "2018.10.10"]
[SourceVersion "1"]
[SourceVersionDate "2018.10.10"]
[SourceQuality "1"]
[WhiteTeam "Coswig TuS"]
[BlackTeam "Naumburg"]
[WhiteTeamCountry "GER"]
[BlackTeamCountry "GER"]

1. d4 g6 2. c4 Bg7 3. e4 d6 4. Nc3 e5 5. d5 Nf6 6. f3 0-0 7. Be3 a5 8. Qd2 Ne8 9. Bd3 Na6 10. 0-0-0 c6 11. Nge2 Bd7 12. g4 Nb4 13. Kb1 Nc7 14. Rc1 Rb8 15. Bc2 b5 16. cxb5 Nxb5 17. Nxb5 cxb5 18. h4 Nxc2 19. Rxc2 b4 20. Rcc1 f5 21. gxf5 gxf5 22. Bg5 Qe8 23. Rhg1 Rf7 24. Ng3 f4 25. Nh5 1-0

[Event "Oberliga Ost-A 1718"]
[Site "Germany"]
[Date "2017.11.11"]
[Round "2.3"]
[White "Gering, Samuel"]
[Black "Gehmlich, Marcel"]
[Result "1/2-1/2"]
[WhiteElo "2087"]
[BlackElo "2187"]
[PlyCount "48"]
[EventDate "2017.10.22"]
[EventType "team-tourn"]
[EventRounds "11"]
[EventCountry "GER"]
[SourceTitle "EXT 2019"]
[Source "ChessBase"]
[SourceDate "2018.10.10"]
[SourceVersion "1"]
[SourceVersionDate "2018.10.10"]
[SourceQuality "1"]
[WhiteTeam "Naumburg"]
[BlackTeam "Dresden Gruen Weiss"]
[WhiteTeamCountry "GER"]
[BlackTeamCountry "GER"]

1. d4 Nf6 2. c4 e6 3. Nf3 Bb4+ 4. Bd2 Qe7 5. e3 0-0 6. Bd3 Bxd2+ 7. Qxd2 d6 8. 0-0 e5 9. Be2 Ne4 10. Qc2 f5 11. Nc3 Nxc3 12. Qxc3 e4 13. Nd2 a5 14. f3 exf3 15. Bxf3 Nd7 16. e4 f4 17. Rae1 c6 18. Nb3 a4 19. Nc1 Nf6 20. Nd3 g5 21. h3 Qg7 22. e5 dxe5 23. dxe5 Ne8 24. Nc5 Qe7 1/2-1/2

[Event "Oberliga Ost-A 1718"]
[Site "Germany"]
[Date "2017.10.22"]
[Round "1.3"]
[White "Becker, Michael"]
[Black "Gering, Samuel"]
[Result "1-0"]
[WhiteElo "2286"]
[BlackElo "2087"]
[PlyCount "61"]
[EventDate "2017.10.22"]
[EventType "team-tourn"]
[EventRounds "11"]
[EventCountry "GER"]
[SourceTitle "EXT 2019"]
[Source "ChessBase"]
[SourceDate "2018.10.10"]
[SourceVersion "1"]
[SourceVersionDate "2018.10.10"]
[SourceQuality "1"]
[WhiteTeam "Halle USV"]
[BlackTeam "Naumburg"]
[WhiteTeamCountry "GER"]
[BlackTeamCountry "GER"]

1. e4 g6 2. d4 Bg7 3. Nc3 d6 4. Be3 a6 5. Qd2 Nd7 6. 0-0-0 b5 7. h4 Bb7 8. h5 b4 9. Nd5 c5 10. h6 Bf8 11. dxc5 dxc5 12. Bc4 e6 13. Bg5 Qc8 14. Qf4 Bxd5 15. exd5 e5 16. Qh4 Bd6 17. Nh3 f6 18. f4 e4 19. f5 gxf5 20. Qh5+ Kd8 21. Bf4 Ne5 22. Bxe5 fxe5 23. Ng5 Ne7 24. g4 f4 25. Nxe4 Kc7 26. Qf7 Qxg4 27. Nxd6 Kxd6 28. Qf6+ Kd7 29. d6 Ng6 30. Qf7+ Kd8 31. Qc7+ 1-0

[Event "Oberliga Ost-A 1617"]
[Site "Germany"]
[Date "2016.11.20"]
[Round "3.2"]
[White "Gering, Samuel"]
[Black "Paul, Johannes"]
[Result "0-1"]
[WhiteElo "2079"]
[BlackElo "2297"]
[PlyCount "90"]
[EventDate "2016.10.16"]
[EventType "team-tourn"]
[EventRounds "11"]
[EventCountry "GER"]
[SourceTitle "EXT 2018"]
[Source "ChessBase"]
[SourceDate "2017.10.13"]
[SourceVersion "1"]
[SourceVersionDate "2017.10.13"]
[SourceQuality "1"]
[WhiteTeam "Naumburg"]
[BlackTeam "Magdeburg Aufbau Elbe"]
[WhiteTeamCountry "GER"]
[BlackTeamCountry "GER"]

1. d4 Nf6 2. c4 e6 3. Nf3 b6 4. Nc3 Bb4 5. Bd2 Bb7 6. a3 Bxc3 7. Bxc3 Ne4 8. Qc2 Qf6 9. Bd2 Nxd2 10. Qxd2 c5 11. Rd1 0-0 12. Qg5 Qxg5 13. Nxg5 Rd8 14. Nf3 Bxf3 15. gxf3 cxd4 16. Rxd4 Nc6 17. Rd1 Rac8 18. b3 Na5 19. Rd3 d5 20. e3 dxc4 21. bxc4 Rxd3 22. Bxd3 Nxc4 23. Bxc4 Rxc4 24. Kd2 h5 25. f4 b5 26. Rb1 a6 27. Kd3 Kf8 28. Kd2 Ke7 29. Kd3 Kf6 30. Kd2 Kf5 31. f3 g5 32. fxg5 Kxg5 33. Rg1+ Kf5 34. f4 Ra4 35. Rg5+ Kf6 36. Rxh5 Rxa3 37. h4 b4 38. Rg5 b3 39. Kc3 b2+ 40. Kxb2 Rxe3 41. Kc2 Rh3 42. h5 Rh4 43. h6 Rxf4 44. Rh5 Rc4+ 45. Kd3 Rc8 0-1

[Event "GER-chT U14"]
[Site "Arendsee"]
[Date "2009.12.28"]
[Round "4.1"]
[White "Gering, Samuel"]
[Black "Adiyaman, Rene"]
[Result "1-0"]
[WhiteElo "1915"]
[BlackElo "1636"]
[PlyCount "77"]
[EventDate "2009.12.27"]
[EventType "team-swiss"]
[EventRounds "7"]
[EventCountry "GER"]
[SourceTitle "EXT 2022"]
[Source "ChessBase"]
[SourceDate "2021.10.06"]
[SourceVersion "1"]
[SourceVersionDate "2021.10.06"]
[SourceQuality "1"]
[WhiteTeam "Merseburg U14"]
[BlackTeam "Welper SV U14"]
[WhiteTeamCountry "GER"]
[BlackTeamCountry "GER"]

1. d4 d5 2. c4 e6 3. Nc3 Nf6 4. cxd5 Nxd5 5. e4 Nf6 6. Bg5 Be7 7. Nf3 Nbd7 8. Be2 b6 9. 0-0 Bb7 10. Qc2 c5 11. Rad1 Rc8 12. dxc5 Rxc5 13. Bxf6 Bxf6 14. Bb5 Bc6 15. Bxc6 Rxc6 16. Qa4 Qc8 17. Nb5 Be7 18. Nxa7 Rc4 19. Nxc8 Rxa4 20. Rxd7 Kxd7 21. Nxb6+ Kc7 22. Nxa4 Ra8 23. Rc1+ Kb7 24. Nc3 Bb4 25. a3 Ba5 26. g3 Rc8 27. Kg2 Bb6 28. Ne2 Rd8 29. b4 Rd3 30. Rc3 Rd7 31. a4 f6 32. a5 Bc7 33. Ned4 Be5 34. Nxe5 Rxd4 35. Nd3 e5 36. Kf3 Ka6 37. Ke3 Kb5 38. Rc5+ Ka6 39. f4 1-0

[Event "GER-chT U14"]
[Site "Arendsee"]
[Date "2009.12.28"]
[Round "3.1"]
[White "Pixa, Richard"]
[Black "Gering, Samuel"]
[Result "0-1"]
[WhiteElo "1671"]
[BlackElo "1915"]
[PlyCount "106"]
[EventDate "2009.12.27"]
[EventType "team-swiss"]
[EventRounds "7"]
[EventCountry "GER"]
[SourceTitle "EXT 2022"]
[Source "ChessBase"]
[SourceDate "2021.10.06"]
[SourceVersion "1"]
[SourceVersionDate "2021.10.06"]
[SourceQuality "1"]
[WhiteTeam "Treptow"]
[BlackTeam "Merseburg U14"]
[WhiteTeamCountry "GER"]
[BlackTeamCountry "GER"]

1. e4 c6 2. d4 d5 3. exd5 cxd5 4. Bd3 Nc6 5. c3 Nf6 6. Bf4 Bg4 7. Qb3 Qc8 8. Nd2 e6 9. Ngf3 Be7 10. 0-0 0-0 11. Rfe1 a6 12. Ne5 Bh5 13. a4 Bd6 14. Bg3 Qc7 15. Ndf3 Rab8 16. Nxc6 bxc6 17. Qc2 Bg6 18. Bxd6 Qxd6 19. Bxg6 hxg6 20. Ne5 c5 21. dxc5 Qxc5 22. Nd3 Qc7 23. Re2 Rfc8 24. Rc1 Nd7 25. b3 Qb7 26. Rb1 Nc5 27. Nxc5 Rxc5 28. Qd3 Qc6 29. Re3 Rc8 30. Rc1 Qb7 31. Rb1 R8c6 32. Qd2 Qc7 33. Rc1 Rb6 34. Rb1 Qb8 35. Qd1 Rc4 36. b4 Qc7 37. Qd2 Rbc6 38. Rb3 d4 39. cxd4 Rc1+ 40. Re1 Rxe1+ 41. Qxe1 Rc1 42. Rb1 Rxe1+ 43. Rxe1 Qc3 44. Rb1 Qc2 45. Ra1 Qb2 46. Rd1 Qxb4 47. h3 Qxa4 48. Rd3 Qc4 49. Rd1 a5 50. Kh2 a4 51. Rd2 a3 52. Rd1 a2 53. Ra1 Qb3 0-1

[Event "Blankenburg op-A 16th"]
[Site "Blankenburg"]
[Date "2008.10.05"]
[Round "4"]
[White "Kasper, Mike"]
[Black "Gering, Samuel"]
[Result "0-1"]
[WhiteElo "1957"]
[BlackElo "1900"]
[PlyCount "72"]
[EventDate "2008.10.03"]
[EventType "swiss"]
[EventRounds "7"]
[EventCountry "GER"]
[SourceTitle "EXT 2015"]
[Source "ChessBase"]
[SourceDate "2014.11.20"]
[SourceVersion "1"]
[SourceVersionDate "2014.11.20"]
[SourceQuality "1"]

1. e4 c6 2. d4 d5 3. e5 Bf5 4. g4 Bd7 5. Be2 e6 6. h4 c5 7. f4 cxd4 8. Nf3 Nc6 9. Nxd4 Bc5 10. Nb3 Bb6 11. c3 Nge7 12. N1d2 Qc7 13. Nf3 0-0-0 14. Qd3 f6 15. Be3 Ng6 16. h5 Nge7 17. Rf1 Rdf8 18. Bxb6 Qxb6 19. Nbd4 g6 20. Nb5 Kb8 21. hxg6 Nxg6 22. Nfd4 fxe5 23. Nxc6+ Bxc6 24. fxe5 Rxf1+ 25. Bxf1 Bxb5 26. Qxb5 Qxb5 27. Bxb5 Nxe5 28. Kd2 a6 29. Be2 Kc7 30. Rf1 Rg8 31. Rh1 Rg7 32. b3 Kd6 33. a4 Nxg4 34. Bxg4 Rxg4 35. Rxh7 b6 36. b4 a5 0-1

[Event "GER-chT WK U18 4th"]
[Site "Kiel"]
[Date "2008.05.31"]
[Round "3.1"]
[White "Mittelstaedt, Joel"]
[Black "Gering, Samuel"]
[Result "0-1"]
[WhiteElo "1422"]
[BlackElo "1654"]
[PlyCount "110"]
[EventDate "2008.05.31"]
[EventType "team-swiss"]
[EventRounds "7"]
[EventCountry "GER"]
[SourceTitle "EXT 2010"]
[Source "ChessBase"]
[SourceDate "2010.11.25"]
[SourceVersion "1"]
[SourceVersionDate "2010.11.25"]
[SourceQuality "1"]

1. b4 c5 2. b5 e5 3. Bb2 d6 4. c4 f5 5. e3 Nf6 6. d4 exd4 7. exd4 Be7 8. dxc5 dxc5 9. Qxd8+ Bxd8 10. Nf3 0-0 11. Be2 Re8 12. Nc3 Ba5 13. Nd2 b6 14. f3 Nbd7 15. Kf2 Ne5 16. Nb3 Bxc3 17. Bxc3 Bb7 18. Bxe5 Rxe5 19. Rhe1 Rd8 20. Rad1 Rde8 21. Bd3 Rxe1 22. Rxe1 Rxe1 23. Kxe1 g6 24. Ke2 Kf7 25. Nc1 Ke6 26. Ke3 g5 27. g3 Ke5 28. Ne2 h6 29. h3 Nh5 30. f4+ Ke6 31. g4 Ng7 32. Ng3 gxf4+ 33. Kxf4 fxg4 34. hxg4 Kf6 35. Be4 Ne6+ 36. Ke3 Bxe4 37. Nxe4+ Ke5 38. Nf2 Nf4 39. Nd1 Ng2+ 40. Kf2 Nf4 41. Ke3 h5 42. gxh5 Nxh5 43. Nf2 Nf4 44. Nd3+ Nxd3 45. Kxd3 Kf4 46. a3 Kf3 47. Kc3 Ke3 48. Kc2 Kd4 49. Kb3 Kd3 50. a4 Kd4 51. a5 Kd3 52. axb6 axb6 53. Kb2 Kxc4 54. Kc2 Kxb5 55. Kb3 c4+ 0-1

[Event "GER-chT WK U18 4th"]
[Site "Kiel"]
[Date "2008.05.31"]
[Round "2.1"]
[White "Mueller, Maurice"]
[Black "Gering, Samuel"]
[Result "1-0"]
[WhiteElo "1654"]
[BlackElo "1390"]
[PlyCount "71"]
[EventDate "2008.05.31"]
[EventType "team-swiss"]
[EventRounds "7"]
[EventCountry "GER"]
[SourceTitle "EXT 2010"]
[Source "ChessBase"]
[SourceDate "2010.11.25"]
[SourceVersion "1"]
[SourceVersionDate "2010.11.25"]
[SourceQuality "1"]

1. d4 d5 2. c4 dxc4 3. e4 g6 4. Bxc4 Bg7 5. Ne2 e6 6. Nbc3 Bd7 7. 0-0 Ne7 8. Be3 0-0 9. Qc2 Bc6 10. Rfd1 Nd7 11. d5 exd5 12. exd5 Bxd5 13. Nxd5 Nf5 14. Ng3 Nd6 15. Bb3 c6 16. Nc3 Nc8 17. Rd2 Qe7 18. Rad1 Nf6 19. Nce2 Nb6 20. Bc5 Qc7 21. Bd6 Qc8 22. Bxf8 Qxf8 23. Nc3 Bh6 24. Rd6 Qe7 25. R6d3 Re8 26. h3 Qc7 27. Nb5 Qb8 28. Nd6 Rf8 29. Nxf7 Rxf7 30. Rd8+ Qxd8 31. Rxd8+ Kg7 32. Bxf7 Kxf7 33. Rb8 Bf4 34. Rxb7+ Nbd7 35. Qxc6 Ke7 36. Ne4 1-0

[Event "GER-ch U12"]
[Site "Willingen"]
[Date "2007.06.01"]
[Round "11"]
[White "Hort, Max"]
[Black "Gering, Samuel"]
[Result "0-1"]
[WhiteElo "1337"]
[BlackElo "1583"]
[PlyCount "96"]
[EventDate "2007.05.26"]
[EventType "swiss"]
[EventRounds "11"]
[EventCountry "GER"]
[SourceTitle "CBM 118 Extra"]
[Source "ChessBase"]
[SourceDate "2007.07.04"]
[SourceVersion "1"]
[SourceVersionDate "2007.07.04"]
[SourceQuality "1"]

1. e4 c5 2. d4 cxd4 3. c3 dxc3 4. Nxc3 Nc6 5. Bc4 e6 6. Nf3 d6 7. 0-0 Nf6 8. Qe2 e5 9. Rd1 Be7 10. Bb5 Bd7 11. Bxc6 bxc6 12. Bg5 Qc7 13. Rd2 Rd8 14. Rad1 Be6 15. Nh4 0-0 16. Bxf6 Bxf6 17. Nf5 Bxf5 18. exf5 d5 19. Qg4 e4 20. Ne2 Qe7 21. Ng3 Bh4 22. Qf4 Bxg3 23. Qxg3 Rd7 24. Rd4 Rfd8 25. Qb3 Qe5 26. g4 c5 27. f4 Qxf4 28. Rxd5 Rxd5 29. Rxd5 Rxd5 30. Qxd5 Qxg4+ 31. Kf2 Qf3+ 32. Ke1 Qe3+ 33. Kd1 Qd3+ 34. Qxd3 exd3 35. b3 Kf8 36. Kd2 Ke7 37. Kxd3 Kf6 38. Ke4 g6 39. fxg6 hxg6 40. h4 Ke6 41. a3 a5 42. a4 f6 43. Kd3 Kd5 44. Ke3 c4 45. b4 axb4 46. a5 Kc5 47. a6 Kb6 48. Kd4 b3 0-1

[Event "GER-ch U12"]
[Site "Willingen"]
[Date "2007.05.30"]
[Round "8"]
[White "Gering, Samuel"]
[Black "Schaefer, Daniela"]
[Result "0-1"]
[WhiteElo "1583"]
[BlackElo "1718"]
[PlyCount "82"]
[EventDate "2007.05.26"]
[EventType "swiss"]
[EventRounds "11"]
[EventCountry "GER"]
[SourceTitle "CBM 118 Extra"]
[Source "ChessBase"]
[SourceDate "2007.07.04"]
[SourceVersion "1"]
[SourceVersionDate "2007.07.04"]
[SourceQuality "1"]

1. d4 Nf6 2. c4 g6 3. Nc3 Bg7 4. e4 d6 5. h3 0-0 6. Be3 e5 7. d5 Nh5 8. Be2 Nf4 9. Bf3 g5 10. g3 Ng6 11. Qd2 h6 12. 0-0-0 f5 13. Bh5 Ne7 14. f4 gxf4 15. gxf4 fxe4 16. fxe5 Nf5 17. Nge2 Nxe3 18. Qxe3 dxe5 19. Nxe4 Bf5 20. N2g3 Bxe4 21. Nxe4 Qh4 22. Be2 Qf4 23. Qxf4 Rxf4 24. Bd3 Nd7 25. Rdf1 Raf8 26. Rxf4 exf4 27. Re1 f3 28. Bf1 Ne5 29. Nf2 Rf4 30. Re4 Rf7 31. Kc2 Kf8 32. b3 Ng6 33. Kd2 h5 34. Kc2 Nf4 35. Nd3 Ng6 36. Nf2 Ne7 37. Bd3 Nf5 38. Kd1 Bd4 39. Ke1 Bc5 40. Bc2 Ne3 41. Bd3 Bb4# 0-1

[Event "Saale-Herbst op 3rd"]
[Site "Halle/Saale"]
[Date "2006.10.27"]
[Round "5"]
[White "Gering, Samuel"]
[Black "Naumann, Frank"]
[Result "1-0"]
[WhiteElo "1380"]
[BlackElo "1688"]
[PlyCount "113"]
[EventDate "2006.10.25"]
[EventType "swiss"]
[EventRounds "7"]
[EventCountry "GER"]
[SourceTitle "EXT 2019"]
[Source "ChessBase"]
[SourceDate "2018.10.10"]
[SourceVersion "1"]
[SourceVersionDate "2018.10.10"]
[SourceQuality "1"]

1. d4 d5 2. e4 dxe4 3. Nc3 e6 4. Nxe4 Be7 5. Nf3 Nf6 6. Bd3 0-0 7. 0-0 Nbd7 8. c3 b6 9. Nfd2 Bb7 10. Qf3 Rb8 11. Qh3 h6 12. Re1 c5 13. Re3 Nxe4 14. Nxe4 Bxe4 15. Bxe4 Bg5 16. Rg3 f5 17. Bc2 c4 18. Bxg5 hxg5 19. Qh5 g4 20. Re3 Rf6 21. Qg5 Qc7 22. Ree1 Rh6 23. g3 Qd6 24. Bxf5 exf5 25. Qxf5 Nf6 26. Re6 Qf8 27. Rae1 Rh5 28. Qg6 Rh6 29. Qf5 Rb7 30. Qb5 Kh7 31. Qxc4 Rf7 32. Qd3+ g6 33. R1e2 Kg7 34. Qb5 Qh8 35. Rxf6 Rxf6 36. Re7+ Rf7 37. Qe5+ Kg8 38. Re8+ Rf8 39. Qe6+ Kh7 40. Re7+ Qg7 41. Rxg7+ Kxg7 42. Qxg4 Rh5 43. c4 Ra5 44. a4 Rf7 45. b3 Raf5 46. f4 Re7 47. Qf3 Re1+ 48. Kf2 Ra1 49. g4 Rf7 50. Qe3 Rb1 51. d5 Rd1 52. Qe5+ Kh7 53. Ke2 Rg1 54. f5 gxf5 55. gxf5 Rg5 56. Qe4 Rf6 57. Qh4+ 1-0

[Event "Saale-Herbst op 3rd"]
[Site "Halle/Saale"]
[Date "2006.10.26"]
[Round "3"]
[White "Gering, Samuel"]
[Black "Mueller, Marius"]
[Result "1-0"]
[WhiteElo "1380"]
[BlackElo "1305"]
[PlyCount "27"]
[EventDate "2006.10.25"]
[EventType "swiss"]
[EventRounds "7"]
[EventCountry "GER"]
[SourceTitle "EXT 2019"]
[Source "ChessBase"]
[SourceDate "2018.10.10"]
[SourceVersion "1"]
[SourceVersionDate "2018.10.10"]
[SourceQuality "1"]

1. d4 d5 2. e4 dxe4 3. Nc3 Nf6 4. Bg5 Nc6 5. d5 Nb4 6. Bxf6 gxf6 7. a3 Na6 8. Nxe4 Bf5 9. Ng3 Bg6 10. Bb5+ c6 11. dxc6 Qa5+ 12. b4 Rd8 13. c7+ Qxb5 14. Qxd8# 1-0